| 000 | 00454nam a22001457a 4500 | ||
|---|---|---|---|
| 999 |
_c522695 _d522695 |
||
| 003 | NUST | ||
| 038 | _awaseem | ||
| 082 |
_a917.53 _bWHI |
||
| 100 |
_aWhite House Historical Association _912868 |
||
| 245 |
_aThe White House : an historic guide / _cWhite House Historical Association |
||
| 260 |
_aUnited Nation : _bWhite House Historical Association; National Geographic Society, _c1987. |
||
| 300 | _a153 p. ; | ||
| 500 | _aHardcover. | ||
| 942 |
_2ddc _cBK |
||